Statistics for Flags of Russia

Click here to take the quiz!

General Stats

  • This quiz has been taken 6 times
    (5 since last reset)
  • The average score is 47 of 85

Answer Stats

Answer% Correct
Pskov
100%
Adygea
67%
Altai Krai
67%
Amur
67%
Astrakhan
67%
Belgorod
67%
Bryansk
67%
Chelyabinsk
67%
Chuvash
67%
Crimea
67%
Dagestan
67%
Ingushetia
67%
Ivanovo
67%
JAO/Jewish Autonomous Oblast
67%
Kabardino/Balkar
67%
Kaliningrad
67%
Kalmykia
67%
Kaluga
67%
Kirov
67%
Komi
67%
Krasnodar
67%
Kurgan
67%
Kursk
67%
Leningrad
67%
Lipetsk
67%
Magadan
67%
Mari El
67%
Moscow
67%
Moscow
67%
Murmansk
67%
Nenets
67%
Nizhny Novgorod
67%
North Ossetia
67%
Novgorod
67%
Omsk
67%
Orenburg
67%
Oryol
67%
Penza
67%
Perm
67%
Rostov
67%
Ryazan
67%
Saint Petersburg
67%
Samara
67%
Sevastopol
67%
Smolensk
67%
Tambov
67%
Tomsk
67%
Tula
67%
Tuva
67%
Tver
67%
Tyumen
67%
Udmurtia
67%
Ulyanovsk
67%
Vladimir
67%
Volgograd
67%
Voronezh
67%
Yamalo-Nenets
67%
Yaroslavl
67%
Arkhangelsk
33%
Bashkortostan
33%
Buryatia
33%
Chechen
33%
Chukotka
33%
Irkutsk
33%
Kamchatka
33%
Karachay
33%
Karelia
33%
Kemerovo
33%
Khabarovsk
33%
Khakassia
33%
Kostroma
33%
Krasnoyarsk
33%
Mordovia
33%
Novosibirsk
33%
Primorsky
33%
Sakha
33%
Sakhalin
33%
Saratov
33%
Stavropol
33%
Sverdlovsk
33%
Tatarstan
33%
Vologda
33%
Zabaykalsky
33%
Altai Ripublic
0%
Barsovo
0%

Score Distribution

Percentile by Number Answered

Percent of People with Each Score

Your Score History

You have not taken this quiz since the last reset